000 00668nam a2200217Ia 4500
003 OSt
005 20240601102837.0
008 210210b1996 xxu||||| |||| 00| 0 eng d
020 _a81 7302 258 5
040 _cAL
041 _aKannada
082 _a954.01K SHAA
100 _aSHARMA (S R).
_d ಶರ್ಮ (ಎಸ್ ಆರ್)
_9168921
245 _aAryarigagi hudukata.
_bಆರ್ಯರಿಗಾಗಿ ಹುಡುಕಾಟ
260 _aBangalore.
_bNavakarnataka Prakashana.,
_c1996
300 _a95
690 _aIndian History
_9168922
700 _aGurudath (S).
_dಗುರುದತ್ (ಎಸ್) Tr
_9168923
906 _a051496
942 _2ddc
_cBK
999 _c99646
_d99646